| 000 | 00444nam a2200181Ia 4500 | ||
|---|---|---|---|
| 008 | 220531s9999 xx 000 0 und d | ||
| 041 | _aeng | ||
| 082 | _bBAL | ||
| 100 |
_aBalsubramanian, T. _945663 |
||
| 245 | _aTextbook Of English Phonetics For Indian Students | ||
| 250 | _a1ST | ||
| 260 |
_bMacmillan _c1999 |
||
| 300 | _a207 | ||
| 542 | _d20-08-2003 | ||
| 650 |
_aEnglish _945664 |
||
| 906 | _d2003-2004 | ||
| 999 |
_c26939 _d26939 |
||